|
|
|
|
| LEADER |
00680nab a2200181 i 4500 |
| 001 |
acta3138 |
| 005 |
20210603143221.0 |
| 008 |
161015s1973 hu o 0|| eng d |
| 022 |
|
|
|a 0324-5268
|
| 040 |
|
|
|a SZTE Egyetemi Kiadványok Repozitórium
|b hun
|
| 041 |
|
|
|a eng
|
| 100 |
1 |
|
|a Pénzes István
|
| 245 |
1 |
4 |
|a The open-market attraction spheres of the towns of the Southern part of the Great Hungarian Plain
|h [elektronikus dokumentum] /
|c Pénzes István
|
| 260 |
|
|
|c 1973
|
| 300 |
|
|
|a 91-98
|
| 490 |
0 |
|
|a Acta Universitatis Szegediensis : acta geographica
|v 13
|
| 695 |
|
|
|a Földrajztudomány
|
| 856 |
4 |
0 |
|u http://acta.bibl.u-szeged.hu/3138/1/geographica_013_091-098.pdf
|z Dokumentum-elérés
|